000 00551nam a2200217Ia 4500
003 OSt
005 20221007083254.0
006 a|||||r|||| 00| 0
007 ta
008 221006b |||||||| |||| 00| 0 eng d
024 _a38,434
037 _cTheseses
040 _aFLL
_cFLL
_beng
041 _2eng
_aeng
100 _aPrasad Surender
_9700552
245 0 _aAdministration and development of Mulsim law in India and Abroad
260 _c1988
300 _a509p
_ccm.
942 _cDIS
_2CC
999 _c1169467
_d1169467